<?xml version="1.0" encoding="UTF-8"?>
<record
    xmlns:xsi="http://www.w3.org/2001/XMLSchema-instance"
    xsi:schemaLocation="http://www.loc.gov/MARC21/slim http://www.loc.gov/standards/marcxml/schema/MARC21slim.xsd"
    xmlns="http://www.loc.gov/MARC21/slim">

  <leader>01497nam a22002777a 4500</leader>
  <controlfield tag="001">BRCA_9181</controlfield>
  <controlfield tag="003">FranzMayer</controlfield>
  <controlfield tag="005">20220809132151.0</controlfield>
  <controlfield tag="008">220701b        |||||||| |||| 00| 0 spa d</controlfield>
  <datafield tag="020" ind1=" " ind2=" ">
    <subfield code="a">9786078624461</subfield>
  </datafield>
  <datafield tag="040" ind1=" " ind2=" ">
    <subfield code="c">MFM</subfield>
  </datafield>
  <datafield tag="041" ind1=" " ind2=" ">
    <subfield code="a">spa</subfield>
  </datafield>
  <datafield tag="050" ind1=" " ind2=" ">
    <subfield code="a">F1229.Z3</subfield>
    <subfield code="b">C377 2019</subfield>
  </datafield>
  <datafield tag="100" ind1=" " ind2=" ">
    <subfield code="a">Castillejos, David </subfield>
    <subfield code="e">autor</subfield>
    <subfield code="9">28395</subfield>
  </datafield>
  <datafield tag="245" ind1=" " ind2=" ">
    <subfield code="a">Lluvia de viento. </subfield>
    <subfield code="b">El &#xFA;ltimo Rey Zapoteca : sobrino del emperador azteca Moctezuma II / </subfield>
    <subfield code="c">David Castillejos</subfield>
  </datafield>
  <datafield tag="260" ind1=" " ind2=" ">
    <subfield code="a">Ciudad de M&#xE9;xico</subfield>
    <subfield code="b">Plaza y Vald&#xE9;s</subfield>
    <subfield code="c">2019</subfield>
  </datafield>
  <datafield tag="300" ind1=" " ind2=" ">
    <subfield code="a">266 p. :</subfield>
    <subfield code="b">il. fot. map. y cuadros geneal&#xF3;gicos ;</subfield>
    <subfield code="c">17 x 22.5 cm</subfield>
  </datafield>
  <datafield tag="500" ind1=" " ind2=" ">
    <subfield code="a">Ubicaci&#xF3;n: L59-N5</subfield>
  </datafield>
  <datafield tag="504" ind1=" " ind2=" ">
    <subfield code="a">Referencias: p. 251-266 </subfield>
  </datafield>
  <datafield tag="520" ind1=" " ind2=" ">
    <subfield code="a">"Cosijopii II, &#xFA;ltimo rey zapoteca y sobrino del embajador azteca Moctezuma II, reinaba en Tehuantepec cuando Hern&#xE1;n Cort&#xE9;s desembarc&#xF3; en las costas del Golfo de M&#xE9;xico. Su vida se vio envuelta en tumulto: naveg&#xF3; por dos culturas y existi&#xF3; en dos vidas diferentes. Seguimos sus vivencias y el devenir de su linaje hasta finales de la &#xE9;poca colonial y principios del M&#xE9;xico independiente." - Proporcionado por el autor.</subfield>
    <subfield code="b">Se relatan en este libro descubrimientos realizados por investigadores  de la etnohistoria de Oaxaca.</subfield>
  </datafield>
  <datafield tag="600" ind1=" " ind2=" ">
    <subfield code="a">Cort&#xE9;s, Hern&#xE1;n, </subfield>
    <subfield code="d">1485-1547</subfield>
    <subfield code="x">Historia</subfield>
    <subfield code="x">Conquista</subfield>
    <subfield code="z">M&#xE9;xico</subfield>
    <subfield code="9">28396</subfield>
  </datafield>
  <datafield tag="600" ind1=" " ind2=" ">
    <subfield code="a">Cosijopii,&#x200F; King of Teotzapotl&#xE1;n, </subfield>
    <subfield code="d">1502-</subfield>
    <subfield code="x">Historia</subfield>
    <subfield code="x">Zapotecas</subfield>
    <subfield code="9">28397</subfield>
  </datafield>
  <datafield tag="651" ind1=" " ind2=" ">
    <subfield code="a">M&#xE9;xico</subfield>
    <subfield code="x">Historia</subfield>
    <subfield code="y">Siglo XVI</subfield>
    <subfield code="9">28398</subfield>
  </datafield>
  <datafield tag="942" ind1=" " ind2=" ">
    <subfield code="2">lcc</subfield>
    <subfield code="c">B</subfield>
  </datafield>
  <datafield tag="999" ind1=" " ind2=" ">
    <subfield code="c">10800</subfield>
    <subfield code="d">10800</subfield>
  </datafield>
  <datafield tag="952" ind1=" " ind2=" ">
    <subfield code="0">0</subfield>
    <subfield code="1">0</subfield>
    <subfield code="2">lcc</subfield>
    <subfield code="4">0</subfield>
    <subfield code="7">0</subfield>
    <subfield code="a">BRCA</subfield>
    <subfield code="b">BRCA</subfield>
    <subfield code="d">2022-07-01</subfield>
    <subfield code="l">0</subfield>
    <subfield code="o">F1229.Z3 C377 2019</subfield>
    <subfield code="p">CONT9954</subfield>
    <subfield code="r">2022-07-01 00:00:00</subfield>
    <subfield code="t">1</subfield>
    <subfield code="w">2022-07-01</subfield>
    <subfield code="y">B</subfield>
  </datafield>
</record>
